Регионална библиотека "Любен Каравелов" - Русе

Избрани творби в 8 тома (Запис номер 182454)

MARC детайли
000 -Лидер
Контролно поле с фиксирана дължина 01487nam a2200337 c 4500
003 - Код на организацията, давaща контролен номер
Контролно поле BLK
005 - Дата и час на последна редакция
Контролно поле 20231228162555.0
008 - Елементи от данни с фиксирана дължина
fixed length control field 180411b bul|||||r ||||||| ||bul||
010 ## - Наследен системен номер
LC control number KNG00191378000
040 ## - Източник на каталожния запис
Идентификатор на билиотеката - собственик на записа BLK
041 ## - Код за език
Код за езика на текст/звукозапис или на отделно заглавие Български
Код за езика КДБФ Български
080 ## - УДК
Текстов определител УДК Немска литература
УДК код - определител по УДК 821.112.2
УДК определител (081)
УДК - код + определител 821.112.2(081)
080 ## - УДК
Текстов определител УДК Немска литература
УДК код - определител по УДК 821.112.2
УДК определител -2
УДК - код + определител 821.112.2-2
100 1# - Редна дума - Автор
Автор Гьоте, Йохан Волфганг
Авторска отговорност първи автор
R(LIN) 323081
139 ## - Редно поле
Редна дума Гьоте, Йохан Волфганг
Авторски знак Гън - Г 97
245 10 - Сведения за заглавието
Заглавие Избрани творби в 8 тома
Редно поле (дума) Йохан Волфганг Гьоте; подб., предг. и бел. Стефан Иванов Станчев; прев. от нем. Тодор Берберов.
Том Т. 2
Заглавие на том Драми
257 ## - Страна на издаване
Страна на създаване/издаване Германия
260 ## - Област на издателските данни
-- София
Име на издателя, разпространителя и проч. Нар. култура
Година на издаване 1980 -
Печатница В. Търново : Д. Найденов
300 ## - Физическа характеристика
Размери/Мащаб 21 см
380 ## - Жанр
Жанр Худож. лит.
500 ## - Общи забележки
Забележка 40 125 тир.
700 1# - Други автори (авторска отговорност)
Лично име Станчев, Стефан Иванов
Автороска отговорност (Описва отношението между автора и произведението) подб., предг. и бел.
9 (RLIN) 366081
700 ## - Други автори (авторска отговорност)
Лично име Берберов, Тодор Йончев
9 (RLIN) 255900
760 1# - Описание на основната серия
Редна дума на основното описание Гьоте, Йохан Волфганг
Място на издаване, издател и година 1980
Страници - том 687 с.
Заглавие Т. 2 Драми
852 ## - Местоположение
Форматна сигнатура Цб 103886
856 4# - Електронен адрес и достъп
Електронен формат pdf - файл
Път до файла /url/
856 4# - Електронен адрес и достъп
Електронен формат pdf - файл
Път до файла /url/
942 ## - АРТИКУЛИ
Вид на библиотечния материал Книги
Скрит в OPAC Не
Koha issues (borrowed), all copies 1
944 ## - СЪЗДАВАНЕ И РЕДАКЦИЯ на ЗАПИСА
Създаване/Редакция Създаване
Дата на регистрацията/редакция 04.10.2016
Служител, извършил регистрацията/редакцията 30560
Статус, дата на статуса Геновева Генчева
944 ## - СЪЗДАВАНЕ И РЕДАКЦИЯ на ЗАПИСА
Създаване/Редакция Редакция
Дата на регистрацията/редакция 04.10.2016
Служител, извършил регистрацията/редакцията Радостина_Карадакова
999 ## - СИСТЕМНИ КОНТРОЛНИ НОМЕРА
Koha biblionumber 182454
Koha biblioitemnumber 182454
Наличности
Код за отписване Код за изгубен артикул Източник на класификационната схема Код за повреда Коз за рестрикции Код за отдаване Артикулен № Име на библиотеката - собственик Име на библиотеката, в която се намира в момента Статус (Текущо местоположение) Дата на вписване в системата Местоположение - отдел Цена в лева Инвентарен номер Систематично азбучна сигнатура Баркод Номер на екземпляра Цена в евро Служебна бележка Служебен тип на артикула
  Не е изгубен Universal Decimal Classification Не е повреден само за читалня ползва се в читалня 313352 Регионална библиотека "Любен Каравелов" Русе Регионална библиотека "Любен Каравелов" Русе Хранилище 1980-01-01 Хранилище 4.18 311907 Цб 103886 120000311907 1 2.14 N: стар фонд Дата: 01.01.1980 Книги
Изтеглен Не е изгубен Universal Decimal Classification Не е повреден без рестрикции заемане за дома 313353 Регионална библиотека "Любен Каравелов" Русе Регионална библиотека "Любен Каравелов" Русе Заемна - подръчен фонд 1980-01-01 Заемна - подръчен фонд 4.18 309533 П 830(081)/Г 97 309533 2 2.14 N: стар фонд Дата: 01.01.1980 Дата инв: 12.02.2018 Бележки инв: П2018 Книги
  Не е изгубен Universal Decimal Classification Не е повреден без рестрикции заемане за дома 313354 Регионална библиотека "Любен Каравелов" Русе Регионална библиотека "Любен Каравелов" Русе Заемна - подръчен фонд 1980-01-01 Заемна - подръчен фонд 4.18 309538 П 830(081)/Г 97 120000309538 3 2.14 N: стар фонд Дата: 01.01.1980 Дата инв: 19.02.2018 Бележки инв: П2018 Книги
  Не е изгубен Universal Decimal Classification Не е повреден без рестрикции заемане за дома 313355 Регионална библиотека "Любен Каравелов" Русе Регионална библиотека "Любен Каравелов" Русе Дубликат 1980-01-01 Заемна - подръчен фонд 4.18 309539 П 830(081)/Г 97 120000309539 4 2.14 N: стар фонд Дата: 01.01.1980 Дата инв: 16.02.2018 Бележки инв: П2018 Книги
Vip Innovations Ltd, Rousse, Bulgaria 2025